[Event "FRA-ch U18"]
[Site "Montlucon"]
[Date "2011.04.22"]
[Round "7"]
[White "Gelin, Baptiste"]
[Black "Ternault, Mathieu"]
[Result "0-1"]
[WhiteElo "1921"]
[BlackElo "2085"]
[PlyCount "98"]
[EventDate "2011.04.17"]
[EventType "swiss"]
[EventRounds "9"]
[EventCountry "FRA"]
[SourceTitle "CBM 142 Extra"]
[Source "ChessBase"]
[SourceDate "2011.06.27"]
[SourceVersion "1"]
[SourceVersionDate "2011.06.27"]
[SourceQuality "1"]

1. e4 e6 2. d4 d5 3. Nc3 Nf6 4. e5 Nfd7 5. f4 c5 6. Nf3 Nc6 7. Be3 a6 8. Qd2 b5 9. a3 Bb7 10. Ne2 Qc7 11. Ng3 cxd4 12. Nxd4 g5 13. fxg5 Ncxe5 14. Be2 Bd6 15. 0-0 Ng6 16. Bxb5 axb5 17. Nxb5 Qc6 18. Ne4 Bb8 19. Nd4 Qc7 20. Ng3 0-0 21. Nf3 Nde5 22. Nh5 Nc4 23. Nf6+ Kh8 24. Qd4 Nxe3 25. Qxe3 Ba7 26. Nd4 Rfc8 27. Kh1 Bxd4 28. Qxd4 Qe5 29. Qg4 Rc4 30. Qf3 Qxg5 31. Nxh7 Kxh7 32. Qxf7+ Kh6 33. Qxb7 Rxc2 34. Rg1 Rac8 35. Raf1 Rc1 36. Qb3 Nf4 37. Qf3 Rxf1 38. Rxf1 Rc2 39. g3 Ng6 40. Kg1 Rxb2 41. Re1 Qd2 42. Qe3+ Qxe3+ 43. Rxe3 e5 44. Rf3 Rc2 45. h4 e4 46. Rf5 d4 47. h5 d3 48. Kf1 Rc1+ 49. Kf2 d2 0-1

[Event "FRA-ch U18"]
[Site "Montlucon"]
[Date "2011.04.18"]
[Round "2"]
[White "Samoun, Florent"]
[Black "Gelin, Baptiste"]
[Result "1-0"]
[WhiteElo "2192"]
[BlackElo "1921"]
[PlyCount "87"]
[EventDate "2011.04.17"]
[EventType "swiss"]
[EventRounds "9"]
[EventCountry "FRA"]
[SourceTitle "CBM 142 Extra"]
[Source "ChessBase"]
[SourceDate "2011.06.27"]
[SourceVersion "1"]
[SourceVersionDate "2011.06.27"]
[SourceQuality "1"]

1. e4 e5 2. Nf3 Nc6 3. Bb5 a6 4. Ba4 Nf6 5. d3 b5 6. Bb3 Bd6 7. c3 0-0 8. 0-0 h6 9. Re1 Re8 10. Nbd2 Bf8 11. Nf1 Bb7 12. Ng3 Na5 13. Bc2 d5 14. Qe2 c5 15. Bd2 c4 16. Rad1 Rc8 17. dxc4 Nxc4 18. Bc1 Qc7 19. exd5 Nxd5 20. Be4 Nf4 21. Qc2 Bc5 22. Bxb7 Qxb7 23. Ne4 Ba7 24. b3 f5 25. Ng3 Na5 26. Nxf5 Bc5 27. Nd6 Bxd6 28. Rxd6 Qc7 29. Rxa6 Nc6 30. Qe4 Ne6 31. Be3 Qb7 32. Rb6 Qc7 33. Rxb5 Nf4 34. g3 Ne6 35. Nxe5 Nxe5 36. Qxe5 Qd7 37. Rd5 Qf7 38. Qh5 g6 39. Qxh6 Rxc3 40. Red1 Rc7 41. Rd6 Rce7 42. Bd4 Ng7 43. Qxg7+ Qxg7 44. Bxg7 1-0

[Event "FRA-ch op-A"]
[Site "Belfort"]
[Date "2010.08.18"]
[Round "8"]
[White "Gelin, Baptiste"]
[Black "Leuly, Max"]
[Result "1/2-1/2"]
[WhiteElo "1919"]
[BlackElo "2107"]
[PlyCount "50"]
[EventDate "2010.08.09"]
[EventType "swiss"]
[EventRounds "11"]
[EventCountry "FRA"]
[SourceTitle "CBM 138 Extra"]
[Source "ChessBase"]
[SourceDate "2010.10.29"]
[SourceVersion "1"]
[SourceVersionDate "2010.10.29"]
[SourceQuality "1"]

1. e4 c5 2. Nf3 d6 3. d4 cxd4 4. Nxd4 Nf6 5. Nc3 g6 6. Be3 Bg7 7. f3 0-0 8. Bc4 Nc6 9. Qd2 Bd7 10. 0-0-0 Ne5 11. Bb3 Rc8 12. Kb1 Nc4 13. Bxc4 Rxc4 14. g4 Qc7 15. h4 Rc8 16. h5 Qa5 17. Nb3 Qe5 18. f4 Qxc3 19. bxc3 Nxe4 20. Qd3 Nxc3+ 21. Kc1 Nxa2+ 22. Kb1 Nc3+ 23. Kc1 Na2+ 24. Kb1 Nc3+ 25. Kc1 Na2+ 1/2-1/2

[Event "Le Touquet op-A 24th"]
[Site "Le Touquet"]
[Date "2009.10.24"]
[Round "1"]
[White "Gelin, Baptiste"]
[Black "Giua, Frederic"]
[Result "0-1"]
[WhiteElo "1867"]
[BlackElo "2222"]
[PlyCount "48"]
[EventDate "2009.10.24"]
[EventType "swiss"]
[EventRounds "9"]
[EventCountry "FRA"]
[SourceTitle "EXT 2010"]
[Source "ChessBase"]
[SourceDate "2010.11.25"]
[SourceVersion "1"]
[SourceVersionDate "2010.11.25"]
[SourceQuality "1"]

1. e4 c5 2. Nf3 g6 3. d4 Bg7 4. Nc3 cxd4 5. Nxd4 Nf6 6. Bc4 d6 7. f3 a6 8. Be3 Nbd7 9. Qd2 b5 10. Bb3 Bb7 11. 0-0-0 Nc5 12. g4 h6 13. h4 h5 14. gxh5 Nxb3+ 15. Nxb3 Rxh5 16. Qf2 Nd7 17. Nd4 Rc8 18. Qg1 Rxc3 19. bxc3 Qa5 20. Nb3 Qxc3 21. Bd4 Bh6+ 22. Kb1 Qxf3 23. e5 Qxh1 24. e6 Qxg1 0-1

[Event "FRA-ch op-B"]
[Site "Nimes"]
[Date "2009.08.20"]
[Round "9"]
[White "Lepot, Simon"]
[Black "Gelin, Baptiste"]
[Result "1-0"]
[WhiteElo "1981"]
[BlackElo "1843"]
[PlyCount "71"]
[EventDate "2009.08.11"]
[EventType "swiss"]
[EventRounds "11"]
[EventCountry "FRA"]
[SourceTitle "EXT 2011"]
[Source "ChessBase"]
[SourceDate "2010.11.26"]
[SourceVersion "1"]
[SourceVersionDate "2010.11.26"]
[SourceQuality "1"]

1. e4 e5 2. Nf3 Nc6 3. Bb5 a6 4. Ba4 d6 5. 0-0 Bg4 6. h3 h5 7. Bxc6+ bxc6 8. d4 Bxf3 9. Qxf3 exd4 10. c3 dxc3 11. Nxc3 Qf6 12. Qe2 Ne7 13. Be3 g5 14. Qd2 Rg8 15. e5 Qg6 16. exd6 cxd6 17. Rfe1 f5 18. Rad1 d5 19. Bc5 Rd8 20. Ne2 Kf7 21. Nd4 Nc8 22. Re6 Bxc5 23. Rxg6 Rxg6 24. Nf3 Re8 25. Nxg5+ Kg8 26. h4 Nd6 27. Qc2 Ba7 28. Qxc6 Bxf2+ 29. Kh1 Bxh4 30. Qxd5+ Kf8 31. Nf3 Bg3 32. Rf1 Kg7 33. Nd4 Re5 34. Qc6 Re4 35. Nxf5+ Kh8 36. Nxg3 1-0

[Event "FRA-chT U20 0506"]
[Site "France"]
[Date "2005.11.13"]
[Round "2.5"]
[White "Ider, Borya"]
[Black "Gelin, Baptiste"]
[Result "0-1"]
[WhiteElo "1900"]
[BlackElo "1760"]
[PlyCount "94"]
[EventDate "2005.11.12"]
[EventType "team"]
[EventRounds "3"]
[EventCountry "FRA"]
[SourceTitle "CBM 109 Extra"]
[Source "ChessBase"]
[SourceDate "2006.01.03"]
[SourceVersion "2"]
[SourceVersionDate "2006.01.03"]
[SourceQuality "1"]

1. d4 d5 2. Nf3 Nf6 3. e3 e6 4. Bd3 Nbd7 5. Nbd2 b6 6. b3 Bb7 7. Bb2 Bd6 8. Ne5 Bxe5 9. dxe5 Ne4 10. Bxe4 dxe4 11. Qg4 Qe7 12. 0-0-0 Nc5 13. Nc4 g6 14. Nd6+ cxd6 15. exd6 Qf8 16. Qg5 Rg8 17. d7+ Nxd7 18. Qb5 Bd5 19. c4 Qc5 20. Qxc5 Nxc5 21. cxd5 Nd3+ 22. Kb1 Nxf2 23. d6 Nxh1 24. Bf6 Kd7 25. Rxh1 Kxd6 26. Rd1+ Kc6 27. Rd4 e5 28. Rxe4 Rge8 29. Rxe5 Rxe5 30. Bxe5 Kd5 31. Bf4 Rc8 32. Kb2 Ke4 33. h4 Kd3 34. Ka3 Rc2 35. g3 f6 36. Kb4 Rxa2 37. Kb5 Ra5+ 38. Kc6 Kc3 39. Bb8 Kxb3 40. Kd7 Kc3 41. Ke7 f5 42. Kf7 b5 43. Be5+ Kd3 44. Kg7 b4 45. Bb2 Kc2 46. Bd4 b3 47. Kxh7 Ra6 0-1

[Event "FRA-chT U20 0506"]
[Site "France"]
[Date "2005.11.12"]
[Round "1.5"]
[White "Gelin, Baptiste"]
[Black "Ane, Cedric"]
[Result "1/2-1/2"]
[WhiteElo "1760"]
[BlackElo "1760"]
[PlyCount "138"]
[EventDate "2005.11.12"]
[EventType "team"]
[EventRounds "3"]
[EventCountry "FRA"]
[SourceTitle "CBM 109 Extra"]
[Source "ChessBase"]
[SourceDate "2006.01.03"]
[SourceVersion "2"]
[SourceVersionDate "2006.01.03"]
[SourceQuality "1"]

1. e4 c5 2. Nf3 d6 3. d4 cxd4 4. Nxd4 Nf6 5. Nc3 a6 6. Be3 Qc7 7. Be2 e6 8. g4 Be7 9. g5 Nfd7 10. Qd2 Ne5 11. f4 Nc4 12. Bxc4 Qxc4 13. 0-0-0 Qc7 14. Rhf1 Nc6 15. f5 Ne5 16. fxe6 Bxe6 17. Nf5 Bxf5 18. Rxf5 Qa5 19. Bd4 0-0-0 20. Nd5 Qxd2+ 21. Rxd2 Rhe8 22. Bxe5 dxe5 23. Rxe5 Bb4 24. Nb6+ Kc7 25. Rxd8 Kxd8 26. Rxe8+ Kxe8 27. Nd5 Bd6 28. h3 Be5 29. c3 Kd7 30. Kc2 Kd6 31. b4 Bg3 32. Ne3 Ke5 33. Kd3 Ke6 34. Nf5 Be5 35. c4 g6 36. Nd4+ Kd7 37. Nf3 Bd6 38. c5 Bc7 39. e5 Ke6 40. Ke4 Bb8 41. Nd4+ Kd7 42. Kd5 Ba7 43. e6+ fxe6+ 44. Nxe6 Ke7 45. Nf4 Bb8 46. Nd3 Bg3 47. Ne5 Bf4 48. Nf3 Kd7 49. a4 Bc7 50. b5 axb5 51. axb5 Bf4 52. c6+ Kc7 53. Nd4 Kb6 54. Ne6 Bg3 55. cxb7 Kxb7 56. Nf8 Kb6 57. Nxh7 Kxb5 58. Ke6 Kc6 59. Kf6 Kd6 60. Nf8 Be5+ 61. Kxg6 Ke7 62. Nh7 Bh8 63. Nf6 Kf8 64. h4 Bg7 65. h5 Bh8 66. h6 Ke7 67. Kh7 Bxf6 68. gxf6+ Kf7 69. Kh8 Kf8 1/2-1/2

[Event "FRA-chT U20a 0405"]
[Site "France"]
[Date "2005.05.14"]
[Round "8.6"]
[White "Gelin, Baptiste"]
[Black "Vieillot, Colin"]
[Result "1-0"]
[WhiteElo "1620"]
[BlackElo "1460"]
[PlyCount "129"]
[EventDate "2004.11.19"]
[EventType "team"]
[EventRounds "11"]
[EventCountry "FRA"]
[SourceTitle "EXT 2006"]
[Source "ChessBase"]
[SourceDate "2005.11.24"]
[SourceVersion "1"]
[SourceVersionDate "2005.11.24"]
[SourceQuality "1"]

1. e4 d5 2. exd5 Qxd5 3. Nc3 Qd6 4. d4 Nf6 5. Nf3 a6 6. g3 Bg4 7. Bg2 Nc6 8. Bf4 Qd7 9. 0-0 0-0-0 10. d5 Qf5 11. Nh4 Qh5 12. f3 Be6 13. Qe1 Nxd5 14. g4 Bxg4 15. fxg4 Qxg4 16. Nxd5 Rxd5 17. Bg3 Rc5 18. Qd2 f6 19. Rad1 Kb8 20. Bf2 Rc4 21. Qe3 e6 22. Qd3 Bd6 23. b3 Rf4 24. Bg3 Rxf1+ 25. Rxf1 Bxg3 26. hxg3 g5 27. Bf3 Qxg3+ 28. Ng2 Rd8 29. Qxh7 Ne5 30. Qe4 Nxf3+ 31. Rxf3 Rd1+ 32. Rf1 Rd2 33. Rxf6 Rd1+ 34. Rf1 Rxf1+ 35. Kxf1 Qh3 36. Qe3 Qf5+ 37. Qf2 Kc8 38. Ke1 Qe5+ 39. Qe2 Qc3+ 40. Kf2 Qc5+ 41. Kf3 Qf5+ 42. Kg3 Kd7 43. Qd3+ Ke7 44. Qc3 Kd7 45. Qg7+ Kc6 46. Qd4 Qxc2 47. Qa4+ Kd6 48. Qa3+ Kd7 49. Qa4+ Kd6 50. Ne3 Qc3 51. Kf2 Qd2+ 52. Kf3 Qc3 53. Qe4 Qf6+ 54. Kg4 c6 55. Nc4+ Kc7 56. Qh7+ Kb8 57. Qg8+ Kc7 58. Qxg5 Qxg5+ 59. Kxg5 b5 60. Nd2 Kd6 61. Kf4 Kd5 62. Ke3 Kc5 63. a3 a5 64. Ne4+ Kd5 65. Kd3 1-0

[Event "Champigny sur Marne op"]
[Site "Champigny sur Marne"]
[Date "2005.03.??"]
[Round "2"]
[White "Zurano, Alberto"]
[Black "Gelin, Baptiste"]
[Result "1-0"]
[WhiteElo "1890"]
[BlackElo "1590"]
[PlyCount "45"]
[EventDate "2005.03.??"]
[EventType "swiss"]
[EventRounds "7"]
[EventCountry "FRA"]
[SourceTitle "EXT 2007"]
[Source "ChessBase"]
[SourceDate "2006.11.23"]
[SourceVersion "1"]
[SourceVersionDate "2006.11.23"]
[SourceQuality "1"]

1. e4 d5 2. exd5 Nf6 3. Bb5+ Bd7 4. Bc4 c6 5. Nc3 cxd5 6. Nxd5 Nxd5 7. Bxd5 Bc6 8. Bf3 e5 9. d3 Bc5 10. Bxc6+ Nxc6 11. Nf3 0-0 12. 0-0 Qd7 13. Re1 Rfe8 14. Be3 Bxe3 15. Rxe3 Rad8 16. Qe2 Nd4 17. Nxd4 exd4 18. Rxe8+ Rxe8 19. Qd2 Qd6 20. Kf1 Qe5 21. Re1 Qxe1+ 22. Qxe1 Rxe1+ 23. Kxe1 1-0

[Event "FRA-chT U20 0405"]
[Site "Lyon"]
[Date "2004.12.20"]
[Round "7.6"]
[White "Iss, Gabriel"]
[Black "Gelin, Baptiste"]
[Result "0-1"]
[WhiteElo "1220"]
[BlackElo "1620"]
[PlyCount "56"]
[EventDate "2004.11.??"]
[EventType "team"]
[EventRounds "7"]
[EventCountry "FRA"]
[SourceTitle "EXT 2006"]
[Source "ChessBase"]
[SourceDate "2005.11.24"]
[SourceVersion "1"]
[SourceVersionDate "2005.11.24"]
[SourceQuality "1"]
[WhiteTeam "Mulhouse"]
[BlackTeam "Creteil"]
[WhiteTeamCountry "FRA"]
[BlackTeamCountry "FRA"]

1. e4 d5 2. exd5 Nf6 3. Nf3 Nxd5 4. Bc4 Nc6 5. h3 e5 6. 0-0 Be6 7. d3 Qd7 8. Be3 0-0-0 9. c3 Nxe3 10. Bxe6 fxe6 11. fxe3 Qxd3 12. Qxd3 Rxd3 13. e4 Bc5+ 14. Kh2 Be3 15. b4 Bf4+ 16. g3 Bh6 17. b5 Rf8 18. Kg2 Na5 19. Nxe5 Rxf1 20. Nxd3 Rd1 21. Ne5 Re1 22. Kf3 Re3+ 23. Kf2 Rxe4 24. Nf3 Nc4 25. g4 Bc1 26. Ne1 Bb2 27. Nd2 Nxd2 28. Rd1 Bxc3 0-1

[Event "FRA-chT U20 0304"]
[Site "France"]
[Date "2004.05.01"]
[Round "10"]
[White "Gelin, Baptiste"]
[Black "Chapelle, Louis"]
[Result "1-0"]
[WhiteElo "1610"]
[BlackElo "1330"]
[PlyCount "49"]
[EventDate "2003.11.??"]
[EventType "team"]
[EventRounds "11"]
[EventCountry "FRA"]
[SourceTitle "EXT 2005"]
[Source "ChessBase"]
[SourceDate "2004.11.15"]
[SourceVersion "1"]
[SourceVersionDate "2004.11.15"]
[SourceQuality "1"]
[WhiteTeam "Creteil"]
[BlackTeam "Mulhouse"]
[WhiteTeamCountry "FRA"]
[BlackTeamCountry "FRA"]

1. e4 e5 2. Nf3 Nc6 3. d4 exd4 4. Nxd4 Bc5 5. Be3 Nge7 6. Nxc6 Nxc6 7. Bxc5 d6 8. Be3 0-0 9. Nc3 Bd7 10. Bc4 Be6 11. Bxe6 fxe6 12. Qg4 Qf6 13. 0-0-0 Ne5 14. Qg3 Qg6 15. Qxg6 hxg6 16. f4 Ng4 17. Rde1 e5 18. fxe5 dxe5 19. Bc5 Nf2 20. Bxf8 Nxh1 21. Bc5 b6 22. Be3 a5 23. Rxh1 Ra6 24. Nd5 c6 25. Nxb6 1-0

[Event "FRA-chT U20 0304"]
[Site "France"]
[Date "2004.04.30"]
[Round "8"]
[White "Domenech, Vianney"]
[Black "Gelin, Baptiste"]
[Result "0-1"]
[WhiteElo "1580"]
[BlackElo "1610"]
[PlyCount "63"]
[EventDate "2003.11.??"]
[EventType "team"]
[EventRounds "11"]
[EventCountry "FRA"]
[SourceTitle "EXT 2005"]
[Source "ChessBase"]
[SourceDate "2004.11.15"]
[SourceVersion "1"]
[SourceVersionDate "2004.11.15"]
[SourceQuality "1"]
[WhiteTeam "Montpellier"]
[BlackTeam "Creteil"]
[WhiteTeamCountry "FRA"]
[BlackTeamCountry "FRA"]

1. e4 d5 2. exd5 Nf6 3. Bc4 Nxd5 4. Nc3 Be6 5. Qf3 Nb4 6. Bxe6 fxe6 7. Qh5+ g6 8. Qb5+ N8c6 9. Qa4 Bg7 10. a3 Nd5 11. Nf3 Qd7 12. 0-0 0-0-0 13. Rd1 Nxc3 14. bxc3 Bxc3 15. Rb1 b6 16. Rb3 Ba5 17. Bb2 Rhf8 18. c4 Rf5 19. d4 Ne5 20. Qxd7+ Rxd7 21. Nxe5 Rxe5 22. d5 Re4 23. Rbd3 Rxc4 24. dxe6 Rxd3 25. Rxd3 Re4 26. Re3 Rxe3 27. fxe3 c5 28. Kf2 Kc7 29. Be5+ Kc6 30. Kf3 Kd5 31. Kf4 Kxe6 32. Bb2 0-1

[Event "FRA-chT U20 0304"]
[Site "France"]
[Date "2004.04.30"]
[Round "8"]
[White "Gelin, Baptiste"]
[Black "Cabanes, Kim"]
[Result "0-1"]
[WhiteElo "1610"]
[BlackElo "1550"]
[PlyCount "36"]
[EventDate "2003.11.??"]
[EventType "team"]
[EventRounds "11"]
[EventCountry "FRA"]
[SourceTitle "EXT 2005"]
[Source "ChessBase"]
[SourceDate "2004.11.15"]
[SourceVersion "1"]
[SourceVersionDate "2004.11.15"]
[SourceQuality "1"]
[WhiteTeam "Creteil"]
[BlackTeam "Montpellier"]
[WhiteTeamCountry "FRA"]
[BlackTeamCountry "FRA"]

1. e4 c6 2. d4 d5 3. e5 Qb6 4. Nc3 Bf5 5. h4 h6 6. g4 Bg6 7. Nge2 e6 8. Nf4 Bh7 9. g5 hxg5 10. hxg5 Bxc2 11. Qf3 Rxh1 12. Qxh1 Qxd4 13. g6 Qxe5+ 14. Be2 fxg6 15. Qh3 Bf5 16. Qg2 Bb4 17. Bd2 Ne7 18. Kf1 d4 0-1

[Event "FRA-chT U20 0304"]
[Site "France"]
[Date "2004.??.??"]
[Round "5"]
[White "Gelin, Baptiste"]
[Black "Hallope, Arnaud"]
[Result "1-0"]
[WhiteElo "1610"]
[BlackElo "1350"]
[PlyCount "127"]
[EventDate "2003.11.??"]
[EventType "team"]
[EventRounds "11"]
[EventCountry "FRA"]
[SourceTitle "EXT 2005"]
[Source "ChessBase"]
[SourceDate "2004.11.15"]
[SourceVersion "1"]
[SourceVersionDate "2004.11.15"]
[SourceQuality "1"]
[WhiteTeam "Creteil"]
[BlackTeam "Sautron"]
[WhiteTeamCountry "FRA"]
[BlackTeamCountry "FRA"]

1. e4 c6 2. d4 d5 3. Nc3 dxe4 4. Nxe4 Bf5 5. Bd3 e6 6. Qe2 Nd7 7. Nf3 Be7 8. 0-0 Ngf6 9. Bg5 Qc7 10. Nxf6+ gxf6 11. Be3 Bxd3 12. Qxd3 0-0-0 13. Rad1 Rdg8 14. Rfe1 Rg6 15. Qe4 f5 16. Qf4 Bd6 17. Qh4 Rg4 18. Qh3 Rhg8 19. g3 Nf6 20. Nd2 f4 21. Kg2 fxe3 22. Rxe3 Bf4 23. Rf3 Bxd2 24. Rxd2 Ne4 25. Re2 Ng5 26. Qxg4 f5 27. Qf4 Nxf3 28. Qxf3 f4 29. Qe4 Qe7 30. Qxe6+ Qxe6 31. Rxe6 fxg3 32. hxg3 Rg4 33. c3 Kd7 34. Rh6 Re4 35. b4 Re2 36. Rxh7+ Kc8 37. Rh1 Rxa2 38. Rc1 Re2 39. Kf3 Re6 40. g4 Kd8 41. Kf4 Rf6+ 42. Kg3 Ke8 43. Rf1 Kf7 44. f4 Kg6 45. c4 Rd6 46. Rd1 b6 47. d5 c5 48. b5 Kf6 49. Rh1 Kg6 50. f5+ Kg7 51. g5 Rd7 52. Kf4 Rf7 53. Rh6 Rd7 54. f6+ Kg8 55. g6 a5 56. bxa6 b5 57. cxb5 c4 58. Ke5 c3 59. b6 c2 60. a7 Rd8 61. Rh1 Rc8 62. b7 c1Q 63. Rxc1 Rxc1 64. a8Q+ 1-0